000 00968cam a22003017a 4500
003 CHAP
005 20220817042239.0
008 971013s1977 r 00010 d
010 _a38562
011 _a39534
035 _a43655
040 _cCHAP
082 _a639.3
_bF35
110 _aFAO
245 1 4 _aLos mares australes
260 _aRoma :
_bFAO,
_c1977-19
300 _av.
500 _aLa biblioteca tiene: v.1 Los recursos vivos de los mares australes. -- v.2 La recolección del krill. -- v.3 La utilización del kill
590 _aBATCH-UPD
_b10
_c20130110
_lUCH01
_h1705
590 _aCONVERSION
_b10
_c20130109
_lUCH01
_h1321
650 1 4 _aEuphausia superba.
_938848
650 1 4 _aRecursos marinos.
901 _aBK
942 _cLIBRO
949 _a639.3 F35
_bBC
_cFAO
_d-99884
_eFAO1
_fv.1
_h10417
_i43655
_si
949 _a639.3 F35
_bBC
_cFAO
_d-99885
_eFAO1
_fv.2
_h10418
_i43655
_si
949 _a639.3 F35
_bBC
_cFAO
_d-99886
_eFAO1
_fv.3
_h10437
_i43655
_si
999 _c38562
_d38562